[Event "GER-chA Seniors 29th"]
[Site "Berlin"]
[Date "2017.08.13"]
[Round "6"]
[White "Schulz, Michael"]
[Black "Klaus, Dieter"]
[Result "1-0"]
[WhiteElo "2181"]
[BlackElo "2043"]
[PlyCount "77"]
[EventDate "2017.08.07"]
[EventType "swiss"]
[EventRounds "9"]
[EventCountry "GER"]
[SourceTitle "EXT 2019"]
[Source "ChessBase"]
[SourceDate "2018.10.10"]
[SourceVersion "1"]
[SourceVersionDate "2018.10.10"]
[SourceQuality "1"]

1. e4 c5 2. Nf3 d6 3. Bb5+ Bd7 4. Bxd7+ Qxd7 5. c4 g6 6. d4 Bg7 7. Nc3 cxd4 8. Nxd4 Nc6 9. Be3 Nf6 10. f3 0-0 11. Qd2 Rfc8 12. b3 Qe8 13. Rd1 Qf8 14. 0-0 Kh8 15. Kh1 Nd7 16. f4 Rd8 17. f5 Nde5 18. fxg6 hxg6 19. Ne6 fxe6 20. Rxf8+ Rxf8 21. h3 a6 22. Kg1 Kh7 23. Ne2 Rf7 24. Rf1 Raf8 25. Rxf7 Rxf7 26. Nf4 Rf6 27. Nd3 Nd7 28. b4 e5 29. a4 Nd4 30. Bg5 Rf7 31. Qe1 Kg8 32. b5 axb5 33. cxb5 Ne6 34. Be3 Bf6 35. Qc1 Rf8 36. Qc4 Kf7 37. a5 Ra8 38. a6 bxa6 39. bxa6 1-0

[Event "GER-chA Seniors 29th"]
[Site "Berlin"]
[Date "2017.08.09"]
[Round "2"]
[White "Klaus, Dieter"]
[Black "Haubt, Georg"]
[Result "0-1"]
[WhiteElo "2043"]
[BlackElo "2183"]
[PlyCount "116"]
[EventDate "2017.08.07"]
[EventType "swiss"]
[EventRounds "9"]
[EventCountry "GER"]
[SourceTitle "EXT 2019"]
[Source "ChessBase"]
[SourceDate "2018.10.10"]
[SourceVersion "1"]
[SourceVersionDate "2018.10.10"]
[SourceQuality "1"]

1. c4 c5 2. Nc3 Nf6 3. g3 d5 4. cxd5 Nxd5 5. Bg2 Nc7 6. d3 e5 7. Nf3 Nc6 8. 0-0 Be7 9. Re1 0-0 10. Be3 Rb8 11. Qc1 f6 12. b3 Nd4 13. Bd2 Bg4 14. Nxd4 cxd4 15. Nb5 Nxb5 16. Qc4+ Kh8 17. Qxb5 Bd7 18. Qd5 Ba3 19. Rab1 Qe7 20. Qa5 Bc5 21. b4 Bb6 22. Qa3 f5 23. Qb3 e4 24. Bf4 Rbc8 25. Rbc1 Be6 26. Qb2 Bd5 27. h4 h6 28. Rxc8 Rxc8 29. Rc1 Rd8 30. Bd2 Qd7 31. a3 Re8 32. Qc2 Bc6 33. Qb1 Re6 34. Bf4 Bd5 35. Qb2 exd3 36. exd3 Bxg2 37. Kxg2 Qd5+ 38. Kg1 Kh7 39. a4 Qf3 40. Qb3 Re2 41. Rf1 Bd8 42. Qf7 Bf6 43. h5 Qg4 44. Rc1 Re7 45. f3 Qxg3+ 46. Bxg3 Rxf7 47. Rc7 Rxc7 48. Bxc7 Kg8 49. b5 Kf7 50. a5 a6 51. bxa6 bxa6 52. Kg2 Ke6 53. f4 Kf7 54. Bb6 g6 55. hxg6+ Kxg6 56. Bc5 h5 57. Bb6 Kf7 58. Bc5 Ke6 0-1